| 000 | 00000nam##2200000za#4500 |
| 001 | 9.639744 |
| 003 | CaOODSP |
| 005 | 20240501092931 |
| 007 | cr ||||||||||| |
| 008 | 150407|2001||||xxc|||||o f|0| 0 fre|d |
| 040 | |aCaOODSP|bfre |
| 043 | |an-cn--- |
| 086 | 1 |aJS82-86/2001F-PDF |
| 110 | 2 |aService correctionnel Canada. |
| 245 | 10|aMyths et réalités : |h[ressource électronique]|bcomment le système correctionnel fédéral contribue à la protection de la société |
| 250 | |a2e éd. |
| 260 | |aOttawa - Ontario : |bService correctionnel Canada |c[2001], c2000. |
| 300 | |a41p. |
| 500 | |aLe n° de catalogue (JS82-86/2001) et l'ISBN (0-662-65890-6) de l'édition imprimée bilingue ont été incorrectement copiés dans cette édition électronique. |
| 590 | |a12-17-Supp|b2012-04-20 |
| 691 | 07|aCrime|2gcpds |
| 691 | 07|aÉtablissement pénitentiaire|2gcpds |
| 775 | 08|tMyths and realities : |w(CaOODSP)9.695613 |
| 776 | 0#|tMyths and realities: how federal corrections contributes to the public safety |w(CaOODSP)9.662949 |
| 776 | 0#|tMythes et réalités: comment le système correctionnel fédéral contribue à la protection de la société |w(CaOODSP)9.662950 |
| 856 | 40|ahttp://publications.gc.ca|qPDF|s593 Ko|uhttps://publications.gc.ca/collections/Collection/JS82-86-2001F.pdf |